000 01448nam a2200349 c 4500
999 _c182617
_d182617
003 BLK
005 20221027155624.0
008 180411b bul|||||r ||||||| ||bul||
010 _aKNG00191542000
040 _aBLK
041 _aBUL
_cBUL
080 _aБългария през Втората световна война (1939-1944)
_b94(497.2)"1939/1944"
_z94(497.2)"1939/1944"
080 _aБългарска литература
_b821.163.2
_x-94
_z821.163.2-94
100 1 _aДжуров, Добри Маринов
_eпърви автор
_9288527
139 _aДжуров, Добри Маринов и др.
_bД 52
245 1 0 _aМургаш
_bСпомени
_cДобри Маринов Джуров; Елена Джурова; лит. обраб. Огнян Бояджиев.
257 _aBGR
260 _aСофия
_bДърж. воен. изд.
_c1966
300 _a799 с.
_c25 см
380 _a9
490 1 _aВоенни мемоари
650 4 _aБорба против фашизма - България - спомени
_9244504
653 _aантифашистка борба
653 _aспомени
700 1 _aДжурова, Елена Пандова
_9382493
700 1 _aБояджиев, Огнян
_9375409
852 _aЦб 39850
856 4 _qpdf
856 4 _qpdf
942 _cKNG
_n0
_s1
944 _aCR
_c05.10.2016
_kКамелия_Данева
944 _aED
_c2022-06-03
_kХристина Везирева
999 _d182617